<?xml version="1.0" encoding="UTF-8"?>
<collection xmlns="http://www.loc.gov/MARC21/slim">
 <record>
  <leader>06557cam a2200829   4500</leader>
  <controlfield tag="001">786027533</controlfield>
  <controlfield tag="003">DE-627</controlfield>
  <controlfield tag="005">20230801085128.0</controlfield>
  <controlfield tag="007">tu</controlfield>
  <controlfield tag="008">140520s2014    fr |||||      00| ||fre c</controlfield>
  <datafield tag="020" ind1=" " ind2=" ">
   <subfield code="a">9782356130983</subfield>
   <subfield code="c">br</subfield>
   <subfield code="9">978-2-35613-098-3</subfield>
  </datafield>
  <datafield tag="020" ind1=" " ind2=" ">
   <subfield code="a">2356130985</subfield>
   <subfield code="c">br</subfield>
   <subfield code="9">2-35613-098-5</subfield>
  </datafield>
  <datafield tag="035" ind1=" " ind2=" ">
   <subfield code="a">(DE-627)786027533</subfield>
  </datafield>
  <datafield tag="035" ind1=" " ind2=" ">
   <subfield code="a">(DE-576)406907188</subfield>
  </datafield>
  <datafield tag="035" ind1=" " ind2=" ">
   <subfield code="a">(DE-599)GBV786027533</subfield>
  </datafield>
  <datafield tag="035" ind1=" " ind2=" ">
   <subfield code="a">(OCoLC)875519331</subfield>
  </datafield>
  <datafield tag="035" ind1=" " ind2=" ">
   <subfield code="a">(OCoLC)870530714</subfield>
  </datafield>
  <datafield tag="035" ind1=" " ind2=" ">
   <subfield code="a">(ZDB-21-EIL)2958822</subfield>
  </datafield>
  <datafield tag="040" ind1=" " ind2=" ">
   <subfield code="a">DE-627</subfield>
   <subfield code="b">ger</subfield>
   <subfield code="c">DE-627</subfield>
   <subfield code="e">rakwb</subfield>
  </datafield>
  <datafield tag="041" ind1=" " ind2=" ">
   <subfield code="a">fre</subfield>
   <subfield code="a">eng</subfield>
   <subfield code="a">grc</subfield>
  </datafield>
  <datafield tag="044" ind1=" " ind2=" ">
   <subfield code="c">XA-FR</subfield>
  </datafield>
  <datafield tag="050" ind1=" " ind2="0">
   <subfield code="a">HC37</subfield>
  </datafield>
  <datafield tag="050" ind1=" " ind2="0">
   <subfield code="a">HC37. .P38 2014</subfield>
  </datafield>
  <datafield tag="082" ind1="0" ind2=" ">
   <subfield code="a">330</subfield>
  </datafield>
  <datafield tag="082" ind1="0" ind2=" ">
   <subfield code="a">938</subfield>
   <subfield code="2">14</subfield>
  </datafield>
  <datafield tag="084" ind1=" " ind2=" ">
   <subfield code="a">6,12</subfield>
   <subfield code="2">ssgn</subfield>
  </datafield>
  <datafield tag="084" ind1=" " ind2=" ">
   <subfield code="a">LE 1851</subfield>
   <subfield code="q">BVB</subfield>
   <subfield code="2">rvk</subfield>
   <subfield code="0">(DE-625)rvk/90720:</subfield>
  </datafield>
  <datafield tag="084" ind1=" " ind2=" ">
   <subfield code="a">NH 5550</subfield>
   <subfield code="2">rvk</subfield>
   <subfield code="0">(DE-625)rvk/125724:</subfield>
  </datafield>
  <datafield tag="084" ind1=" " ind2=" ">
   <subfield code="a">15.27</subfield>
   <subfield code="2">bkl</subfield>
  </datafield>
  <datafield tag="245" ind1="1" ind2="3">
   <subfield code="a">La pauvreté en Grèce ancienne</subfield>
   <subfield code="b">formes, représentations, enjeux ; [ ... journée d'étude organisé par l'éqipe CRATA-PLH (EA 4601), le 9 décembre 2011 à l'Université de Toulouse II-Le Mirail]</subfield>
   <subfield code="c">textes réunis par Estelle Galbois &amp; Sylvie Rougier-Blanc</subfield>
  </datafield>
  <datafield tag="264" ind1=" " ind2="1">
   <subfield code="a">Paris [u.a.]</subfield>
   <subfield code="b">De Boccard</subfield>
   <subfield code="c">2014</subfield>
  </datafield>
  <datafield tag="264" ind1=" " ind2="1">
   <subfield code="a">Pessac</subfield>
   <subfield code="b">Ausonius</subfield>
   <subfield code="c">2014</subfield>
  </datafield>
  <datafield tag="300" ind1=" " ind2=" ">
   <subfield code="a">276 S.</subfield>
   <subfield code="b">Ill.</subfield>
   <subfield code="c">24 cm</subfield>
  </datafield>
  <datafield tag="336" ind1=" " ind2=" ">
   <subfield code="a">Text</subfield>
   <subfield code="b">txt</subfield>
   <subfield code="2">rdacontent</subfield>
  </datafield>
  <datafield tag="337" ind1=" " ind2=" ">
   <subfield code="a">ohne Hilfsmittel zu benutzen</subfield>
   <subfield code="b">n</subfield>
   <subfield code="2">rdamedia</subfield>
  </datafield>
  <datafield tag="338" ind1=" " ind2=" ">
   <subfield code="a">Band</subfield>
   <subfield code="b">nc</subfield>
   <subfield code="2">rdacarrier</subfield>
  </datafield>
  <datafield tag="490" ind1="1" ind2=" ">
   <subfield code="a">Ausonius éditions</subfield>
   <subfield code="a">Scripta antiqua</subfield>
   <subfield code="v">57</subfield>
  </datafield>
  <datafield tag="500" ind1=" " ind2=" ">
   <subfield code="a">Literaturverz. S. [241] - 256</subfield>
  </datafield>
  <datafield tag="500" ind1=" " ind2=" ">
   <subfield code="a">Ouvrage édité avec le soutien de l'équipe PLH-CRATA (EA 4601) de l'Université de Toulouse II - Le Mirail. - Contributions en français et en anglais. Résumés en français et en anglais en 4e de couv., citations en grec. - Bibliogr. p. [241]-256. Notes bibliogr. Index</subfield>
  </datafield>
  <datafield tag="520" ind1=" " ind2=" ">
   <subfield code="a">Alors que la lutte contre la pauvreté constitue une préoccupation renouvelée de nos sociétés contemporaines depuis le début du XXIe s., cet ouvrage collectif propose d'explorer différents visages de la pauvreté en Grèce ancienne. L'approche retenue ne privilégie pas, contrairement à ce qui a souvent été fait jusqu'ici, la réaction des cités et des citoyens devant la pauvreté et ne se concentre pas sur la question de l'assistanat ni de la charité mais interroge, sous l'impulsion des apports de la sociologie récente, l'existence de pratiques de pauvres, susceptibles de définir un groupe social. La question de la visibilité et des enjeux de la pauvreté est aussi au cœur de nombreuses contributions, avec tout particulièrement les représentations iconographiques de la pauvreté. Sans prétendre à l'exhaustivité, ce volume cherche à poser les premiers jalons d'une étude plus générale de la pauvreté dans l'Antiquité, qui ne réduise pas exclusivement le phénomène à une histoire des conflits sociaux, ni à une étude des disparités économiques, mais s'applique à revenir aux pauvres mêmes. = While the fight against poverty is a renewed concern in our contemporary society since the beginning of the XXIst century, this collective work aims to explore different aspects of poverty in Ancient Greece. The approach does not emphasize the response of cities and citizens to poverty and does not focus on the issue of the assistantship or charity unlike what has often been done so far. It rather questions thanks to the contributions of the recent sociology, the existence of poor pratice, likely to define a social group. The question of visibility and issues of poverty is at the heart of many papers, especially with the iconographic representations of poverty. Without claiming to be exhaustive, this volume aims to lay the groundwork for a more general study of poverty in Antiquity that will not only reduces the phenomenon to a history of social conflicts, or consideration of economic disparities but applies to focus on the poor themselves</subfield>
  </datafield>
  <datafield tag="650" ind1=" " ind2="0">
   <subfield code="a">Poverty</subfield>
   <subfield code="z">Greece</subfield>
   <subfield code="x">History</subfield>
   <subfield code="v">Congresses</subfield>
  </datafield>
  <datafield tag="650" ind1=" " ind2="0">
   <subfield code="a">Poor</subfield>
   <subfield code="z">Greece</subfield>
   <subfield code="x">History</subfield>
   <subfield code="v">Congresses</subfield>
  </datafield>
  <datafield tag="650" ind1=" " ind2="0">
   <subfield code="a">Social representations</subfield>
   <subfield code="z">Greece</subfield>
   <subfield code="x">History</subfield>
   <subfield code="v">Congresses</subfield>
  </datafield>
  <datafield tag="650" ind1=" " ind2="0">
   <subfield code="a">Abandon d'enfant</subfield>
   <subfield code="x">Antiquité</subfield>
   <subfield code="x">Grèce</subfield>
  </datafield>
  <datafield tag="650" ind1=" " ind2="0">
   <subfield code="a">Pauvres</subfield>
   <subfield code="x">Moeurs et coutumes</subfield>
   <subfield code="x">Antiquité</subfield>
   <subfield code="x">Grèce</subfield>
  </datafield>
  <datafield tag="650" ind1=" " ind2="0">
   <subfield code="a">Pauvreté</subfield>
   <subfield code="x">Aspect politique</subfield>
   <subfield code="x">Antiquité</subfield>
   <subfield code="x">Grèce</subfield>
  </datafield>
  <datafield tag="650" ind1=" " ind2="0">
   <subfield code="a">Pauvres</subfield>
   <subfield code="x">Aspect social</subfield>
   <subfield code="x">Antiquité</subfield>
   <subfield code="x">Grèce</subfield>
  </datafield>
  <datafield tag="650" ind1=" " ind2="0">
   <subfield code="a">Pauvres</subfield>
   <subfield code="x">Dans l'art</subfield>
  </datafield>
  <datafield tag="650" ind1=" " ind2="0">
   <subfield code="a">Pauvres</subfield>
   <subfield code="x">Dans la littérature</subfield>
  </datafield>
  <datafield tag="650" ind1=" " ind2="0">
   <subfield code="a">Pauvreté</subfield>
   <subfield code="x">Philosophie</subfield>
   <subfield code="x">Antiquité</subfield>
   <subfield code="x">Grèce</subfield>
  </datafield>
  <datafield tag="650" ind1=" " ind2="0">
   <subfield code="a">Représentations sociales</subfield>
   <subfield code="x">Antiquité</subfield>
   <subfield code="x">Grèce</subfield>
   <subfield code="x">Grèce</subfield>
   <subfield code="x">Conditions économiques</subfield>
   <subfield code="x">Jusqu'à 146 av. J.-C</subfield>
   <subfield code="x">Grèce</subfield>
   <subfield code="x">Conditions sociales</subfield>
   <subfield code="x">Jusqu'à 146 av. J.-C</subfield>
  </datafield>
  <datafield tag="651" ind1=" " ind2="0">
   <subfield code="a">Greece</subfield>
   <subfield code="x">Social conditions</subfield>
   <subfield code="y">To 146 B.C</subfield>
   <subfield code="v">Congresses</subfield>
  </datafield>
  <datafield tag="655" ind1=" " ind2="7">
   <subfield code="a">Aufsatzsammlung</subfield>
   <subfield code="0">(DE-588)4143413-4</subfield>
   <subfield code="0">(DE-627)105605727</subfield>
   <subfield code="0">(DE-576)209726091</subfield>
   <subfield code="2">gnd-content</subfield>
  </datafield>
  <datafield tag="655" ind1=" " ind2="7">
   <subfield code="a">Konferenzschrift</subfield>
   <subfield code="0">(DE-588)1071861417</subfield>
   <subfield code="0">(DE-627)826484824</subfield>
   <subfield code="0">(DE-576)433375485</subfield>
   <subfield code="2">gnd-content</subfield>
  </datafield>
  <datafield tag="689" ind1="0" ind2="0">
   <subfield code="d">g</subfield>
   <subfield code="0">(DE-588)4093976-5</subfield>
   <subfield code="0">(DE-627)10481408X</subfield>
   <subfield code="0">(DE-576)209303867</subfield>
   <subfield code="a">Griechenland</subfield>
   <subfield code="g">Altertum</subfield>
   <subfield code="2">gnd</subfield>
  </datafield>
  <datafield tag="689" ind1="0" ind2="1">
   <subfield code="d">s</subfield>
   <subfield code="0">(DE-588)4002963-3</subfield>
   <subfield code="0">(DE-627)104152397</subfield>
   <subfield code="0">(DE-576)208849491</subfield>
   <subfield code="a">Armut</subfield>
   <subfield code="2">gnd</subfield>
  </datafield>
  <datafield tag="689" ind1="0" ind2=" ">
   <subfield code="5">(DE-627)</subfield>
  </datafield>
  <datafield tag="700" ind1="1" ind2=" ">
   <subfield code="a">Galbois, Estelle</subfield>
   <subfield code="d">1980-</subfield>
   <subfield code="e">Hrsg.</subfield>
   <subfield code="0">(DE-588)134275489</subfield>
   <subfield code="0">(DE-627)692222782</subfield>
   <subfield code="0">(DE-576)300418523</subfield>
   <subfield code="4">edt</subfield>
  </datafield>
  <datafield tag="700" ind1="1" ind2=" ">
   <subfield code="a">Rougier-Blanc, Sylvie</subfield>
   <subfield code="0">(DE-588)142323314</subfield>
   <subfield code="0">(DE-627)704199378</subfield>
   <subfield code="0">(DE-576)33011235X</subfield>
   <subfield code="4">oth</subfield>
  </datafield>
  <datafield tag="710" ind1="2" ind2=" ">
   <subfield code="a">Laboratoire Patrimoine, Littérature, Histoire</subfield>
   <subfield code="0">(DE-588)16344086-4</subfield>
   <subfield code="0">(DE-627)714965480</subfield>
   <subfield code="0">(DE-576)362259852</subfield>
   <subfield code="4">oth</subfield>
  </datafield>
  <datafield tag="787" ind1="0" ind2="8">
   <subfield code="i">Rezensiert in</subfield>
   <subfield code="a">Paiaro, Diego</subfield>
   <subfield code="t">[Rezension von: Estelle Galbois (Hrsg.), La pauvreté en Grèce ancienne. Formes, représentations, enjeux]</subfield>
   <subfield code="d">2015</subfield>
   <subfield code="w">(DE-627)1822963222</subfield>
  </datafield>
  <datafield tag="830" ind1=" " ind2="0">
   <subfield code="a">Ausonius éditions / Scripta antiqua</subfield>
   <subfield code="v">57</subfield>
   <subfield code="9">57</subfield>
   <subfield code="w">(DE-627)492855714</subfield>
   <subfield code="w">(DE-576)087493829</subfield>
   <subfield code="w">(DE-600)2195953-5</subfield>
   <subfield code="x">1298-1990</subfield>
   <subfield code="7">ns</subfield>
  </datafield>
  <datafield tag="856" ind1="4" ind2="2">
   <subfield code="u">http://www.sehepunkte.de/2015/02/25191.html</subfield>
   <subfield code="m">V:DE-576;X:Sehepunkte</subfield>
   <subfield code="q">text/html</subfield>
   <subfield code="v">20180417100624</subfield>
   <subfield code="3">Rezension</subfield>
  </datafield>
  <datafield tag="935" ind1=" " ind2=" ">
   <subfield code="i">Blocktest</subfield>
  </datafield>
  <datafield tag="936" ind1="r" ind2="v">
   <subfield code="a">LE 1851</subfield>
   <subfield code="b">Einmalige Kongresse</subfield>
   <subfield code="k">Handbücher und Sammelwerke</subfield>
   <subfield code="k">Kongressberichte</subfield>
   <subfield code="k">Einmalige Kongresse</subfield>
   <subfield code="0">(DE-627)1274759560</subfield>
   <subfield code="0">(DE-625)rvk/90720:</subfield>
   <subfield code="0">(DE-576)204759560</subfield>
  </datafield>
  <datafield tag="936" ind1="r" ind2="v">
   <subfield code="a">NH 5550</subfield>
   <subfield code="b">Einzelbeiträge</subfield>
   <subfield code="k">Griechisch-römische Geschichte</subfield>
   <subfield code="k">Griechische Geschichte</subfield>
   <subfield code="k">Griechische Geschichte (1100 - 500)</subfield>
   <subfield code="k">Einzelbeiträge</subfield>
   <subfield code="0">(DE-627)1270711075</subfield>
   <subfield code="0">(DE-625)rvk/125724:</subfield>
   <subfield code="0">(DE-576)200711075</subfield>
  </datafield>
  <datafield tag="936" ind1="b" ind2="k">
   <subfield code="a">15.27</subfield>
   <subfield code="j">Griechische Welt</subfield>
   <subfield code="x">Alte Geschichte</subfield>
   <subfield code="0">(DE-627)106419781</subfield>
  </datafield>
  <datafield tag="951" ind1=" " ind2=" ">
   <subfield code="a">BO</subfield>
  </datafield>
  <datafield tag="990" ind1=" " ind2=" ">
   <subfield code="a">Griechenland</subfield>
  </datafield>
  <datafield tag="990" ind1=" " ind2=" ">
   <subfield code="a">Armut</subfield>
  </datafield>
  <datafield tag="991" ind1=" " ind2=" ">
   <subfield code="a">Rezensiertes Werk</subfield>
  </datafield>
  <datafield tag="999" ind1=" " ind2=" ">
   <subfield code="a">KXP-PPN786027533</subfield>
   <subfield code="e">4216985645</subfield>
  </datafield>
 </record>
</collection>
